000
00211nam a22000857a 4500
999
_c
11690
_d
11690
008
191203b ||||| |||| 00| 0 eng d
100
_a
Showers Paul
_9
7389
245
_a
Ears are for Hearing
260
_a
New York
_c
1990